[Event "Druzynowe Mistrzostw Polski Juniorow - II Liga"]
[Site "Wroclaw"]
[Date "1899-12-30"]
[Round "10.59"]
[White "Pietryk, Joanna"]
[Black "Niemier, Martyna"]
[Result "1-0"]
[WhiteTitle "I"]
[BlackTitle "II+"]
[WhiteElo "1417"]
[BlackElo "1305"]

1. e4 e6 2. d4 d5 3. Nd2 Nf6 4. e5 Nfd7 5. f4 c5 6. c3 Nc6 7. Ndf3 cxd4 8. cxd4
Qa5+ 9. Kf2 Be7 10. g3 h5 11. h4 f6 12. Kg2 f5 13. Ng5 Bxg5 14. hxg5 g6 15. Nf3
Kf7 16. Bd3 Ne7 17. Nh4 Qd8 18. b3 b6 19. Ba3 Bb7 20. Rc1 Nc6 21. Be2 Qg8 22.
Rh2 Rh7 23. Qd2 Qh8 24. Rch1 Rg8 25. Qd1 Rgg7 26. Nxg6 Rxg6 27. Bxh5 Kg7 28. Bxg6
Rxh2+ 29. Rxh2 Qxh2+ 30. Kxh2 Kxg6 31. Kh3 Ndb8 32. Kh4 Nd7 33. Qh5+ Kg7 34. g6
Nf8 35. Bxf8+ Kxf8 36. Qh8+ Ke7 37. g7 Nxd4 38. g8=Q Nf3+ 39. Kh5 Nxe5 40. Qd8+
Kf7 41. Qhf6# 1-0

[Event "Druzynowe Mistrzostw Polski Juniorow - II Liga"]
[Site "Wroclaw"]
[Date "1899-12-30"]
[Round "10.60"]
[White "Pniewska, Beata"]
[Black "Mataczyna, Aleksandra"]
[Result "1-0"]
[WhiteTitle "I"]
[BlackTitle "II+"]
[WhiteElo "1361"]
[BlackElo "1117"]

1. c4 e5 2. g3 Nf6 3. Bg2 d5 4. cxd5 Nxd5 5. Nc3 Nb6 6. Nf3 Nc6 7. O-O Be7 8. a3
O-O 9. d3 Be6 10. b4 Re8 11. Bb2 Bf6 12. Ne4 a5 13. b5 Nd4 14. Nxd4 exd4 15. Nxf6+
Qxf6 16. e3 Qg6 17. Bxd4 Rab8 18. Rc1 Rec8 19. Qd2 h5 20. Qxa5 h4 21. Bxb6 cxb6
22. Qxb6 Rxc1 23. Rxc1 h3 24. Qd6 Rf8 25. Bxb7 Qh5 26. Qc5 Qe2 27. Qc2 Qh5 28.
a4 Bg4 29. Qc5 Qg6 30. Be4 Qf6 31. Qd4 Qe6 32. Bd5 Qf5 33. Qe4 Qh5 34. f3 Bf5
35. Qh4 Qg6 36. Be4 1-0

[Event "Druzynowe Mistrzostw Polski Juniorow - II Liga"]
[Site "Wroclaw"]
[Date "1899-12-30"]
[Round "10.61"]
[White "Borkowski, Stanislaw"]
[Black "Bartlomowicz, Jakub"]
[Result "1/2-1/2"]
[WhiteTitle "I"]
[BlackTitle "I"]
[WhiteElo "1734"]
[BlackElo "1922"]

1. e4 c5 2. Nf3 Nc6 3. d4 cxd4 4. Nxd4 g6 5. Nc3 Bg7 6. Be3 Nf6 7. Bc4 Qa5 8. O-O
O-O 9. Nb3 Qd8 10. f4 d6 11. h3 a6 12. a4 e6 13. a5 d5 14. Bb6 Qd7 15. Nc5 Qe7
16. exd5 exd5 17. Bxd5 Rd8 18. Re1 Qf8 19. Bxc6 Rxd1 20. Rb1 Rxe1+ 21. Rxe1 Bf5
22. Bxb7 Rb8 23. Nxa6 Rxb7 24. Bd8 1/2-1/2

[Event "Druzynowe Mistrzostw Polski Juniorow - II Liga"]
[Site "Wroclaw"]
[Date "1899-12-30"]
[Round "10.62"]
[White "Bochenek, Ryszard"]
[Black "Lewandowski, Witold"]
[Result "1/2-1/2"]
[WhiteTitle "II+"]
[BlackTitle "I"]
[WhiteElo "1544"]
[BlackElo "1547"]

1. e4 c5 2. b3 Nc6 3. Bb2 d6 4. Bb5 Bd7 5. f4 Nf6 6. Nc3 e6 7. Bxc6 Bxc6 8. Qe2
Be7 9. Nf3 O-O 10. O-O-O d5 11. e5 Ne8 12. d4 Nc7 13. g4 b5 14. dxc5 Bxc5 15.
Ne4 dxe4 16. Rxd8 Raxd8 17. Ng5 e3 18. Rd1 Nd5 19. Qd3 g6 20. Ne4 Bb6 21. Bd4
Nxf4 22. Nf6+ Kg7 23. Qxe3 Bxd4 24. Qxf4 Bb2+ 25. Kxb2 Rxd1 26. g5 Rfd8 27. Ng4
Be8 28. Nh6 R1d2 29. Qf6+ Kf8 30. Qh8+ Ke7 31. Ng8+ Kf8 32. Nf6+ Ke7 33. Nxh7
Rc8 34. Qf8+ Kd8 35. Nf6 Rcxc2+ 36. Ka3 Rxa2+ 37. Kb4 a5+ 38. Kc5 Rdc2+ 39. Kb6
Rc6+ 40. Kxb5 Rc7+ 41. Qxe8# 1/2-1/2

[Event "Druzynowe Mistrzostw Polski Juniorow - II Liga"]
[Site "Wroclaw"]
[Date "1899-12-30"]
[Round "10.63"]
[White "Stanislawski, Karol"]
[Black "Blaszkiewicz, Jakub"]
[Result "1-0"]
[WhiteTitle "I"]
[BlackTitle "II"]
[WhiteElo "1678"]
[BlackElo "1405"]

1. d4 d5 2. Nf3 Nf6 3. g3 Bg4 4. Bg2 e6 5. c4 c6 6. h3 Bh5 7. O-O Be7 8. Ne5 Nbd7
9. g4 Bg6 10. f4 Be4 11. g5 Bxg2 12. gxf6 gxf6 13. Kxg2 fxe5 14. fxe5 Bg5 15.
cxd5 cxd5 16. Kh2 Rc8 17. Nc3 Rc4 18. Nb5 Be7 19. Bg5 Rc6 20. Nd6+ Rxd6 21. Bxe7
Qxe7 22. exd6 Qxd6+ 23. Kh1 f5 24. Rc1 Kf7 25. e4 dxe4 26. Qh5+ Ke7 27. Qg5+ Kf7
28. Rg1 Qxd4 29. Rcd1 Qe5 30. Rxd7+ 1-0

[Event "Druzynowe Mistrzostw Polski Juniorow - II Liga"]
[Site "Wroclaw"]
[Date "1899-12-30"]
[Round "10.64"]
[White "Lesnikowski, Maciej"]
[Black "Gorecki, Michal"]
[Result "0-1"]
[WhiteTitle "II"]
[BlackTitle "II"]
[WhiteElo "1332"]
[BlackElo "1311"]

1. d4 d5 2. c4 c6 3. Nc3 Nf6 4. Nf3 a6 5. Bg5 dxc4 6. e3 b5 7. a4 Bb7 8. axb5 cxb5
9. b3 cxb3 10. Qxb3 e6 11. Bd3 Be7 12. Bxf6 Bxf6 13. Ke2 O-O 14. Ne4 Bd5 15. Qb1
Be7 16. Nc3 Bc4 17. Bxc4 bxc4 18. Rc1 Qc7 19. g3 Nd7 20. Ra2 Rfb8 21. Qe4 Nf6
22. Qc2 Nd5 23. Ne4 Nb4 24. Qa4 Nxa2 25. Qxa2 Qb7 26. Qd2 Qxe4 27. Rxc4 Rc8 28.
Qc3 Rxc4 29. Qxc4 Rb8 30. Qxa6 Qb7 31. Qa1 Qb2+ 32. Qxb2 Rxb2+ 33. Kf1 f6 34.
Kg2 Kf7 35. Kg1 Bd6 36. Kg2 g5 37. h3 Kg6 38. Kg1 Kf5 39. Nh2 h5 40. Kg2 h4 41.
g4+ Ke4 42. Nf3 Bg3 43. Nxh4 Bxh4 44. d5 exd5 45. Kg1 Bxf2+ 46. Kh1 Kf3 47. e4
Kg3 48. exd5 Rb1# 0-1

[Event "Druzynowe Mistrzostw Polski Juniorow - II Liga"]
[Site "Wroclaw"]
[Date "1899-12-30"]
[Round "10.66"]
[White "Babinska, Liwia"]
[Black "Lukasik, Aleksandra"]
[Result "0-1"]
[WhiteTitle "I"]
[BlackTitle "II+"]
[WhiteElo "1331"]
[BlackElo "1127"]

1. e4 c5 2. Nf3 Nc6 3. d4 cxd4 4. Nxd4 g6 5. Nc3 Bg7 6. Be3 Nf6 7. Bc4 Qa5 8. O-O
O-O 9. Bb3 d6 10. h3 Bd7 11. f4 Nxd4 12. Bxd4 Bc6 13. Kh1 Rad8 14. a3 Nd7 15.
Bxg7 Kxg7 16. Qd4+ Nf6 17. Rae1 e5 18. fxe5 dxe5 19. Qf2 Rd6 20. Rd1 Qc7 21. Bd5
a6 22. Qg3 Bxd5 23. Nxd5 Nxd5 24. exd5 f6 25. c3 Qc4 26. Rfe1 Rxd5 27. Qe3 Qb3
28. Rxd5 Qxd5 29. Qb6 Rf7 30. Kg1 e4 31. Qe3 Re7 32. Qd4 Qf5 33. Rf1 Qg5 34. Qd6
f5 35. Qd4+ Kh6 36. Qf2 e3 37. Qe2 f4 38. Re1 Qg3 39. Kh1 Rf7 40. Rf1 Rd7 41.
Qg4 Qxg4 42. hxg4 e2 43. Rg1 Rd1 44. Rxd1 exd1=Q+ 45. Kh2 Qxg4 46. Kh1 f3 47.
gxf3 Qxf3+ 48. Kg1 Qe2 0-1

[Event "Druzynowe Mistrzostw Polski Juniorow - II Liga"]
[Site "Wroclaw"]
[Date "1899-12-30"]
[Round "10.67"]
[White "May, Jakub"]
[Black "Pojawa, Jakub"]
[Result "1-0"]
[WhiteTitle "II"]
[BlackTitle "II"]
[WhiteElo "1271"]
[BlackElo "1369"]

1. e4 e6 2. d4 d5 3. Nc3 Nf6 4. e5 Ne4 5. Nxe4 dxe4 6. Be3 c5 7. dxc5 Qc7 8. Qd4
Nd7 9. Qxe4 Bxc5 10. Nf3 Bxe3 11. fxe3 Rb8 12. Be2 b6 13. O-O Bb7 14. Qf4 Qxc2
15. Nd4 Qg6 16. Bf3 Nc5 17. Nc6 Ra8 18. b4 Rc8 19. bxc5 Bxc6 20. Bxc6+ Rxc6 21.
Qa4 O-O 22. Qxc6 Qg5 23. Rf3 Qxe5 24. Raf1 bxc5 25. Rxf7 Qxe3+ 26. Kh1 Rd8 27.
Qd7 Qg5 28. Rxg7+ Kh8 29. Rxh7+ Kg8 30. Qf7# 1-0

[Event "Druzynowe Mistrzostw Polski Juniorow - II Liga"]
[Site "Wroclaw"]
[Date "1899-12-30"]
[Round "10.68"]
[White "Borowik, Karol"]
[Black "Rychlik, Michal"]
[Result "1/2-1/2"]
[WhiteTitle "II"]
[BlackTitle "II"]
[WhiteElo "1412"]
[BlackElo "1354"]

1. d4 d5 2. c4 dxc4 3. Nf3 a6 4. e3 Bg4 5. Bxc4 e6 6. Nc3 Nf6 7. O-O Nc6 8. a3
Bd6 9. b4 O-O 10. Bb2 e5 11. d5 Ne7 12. h3 Bh5 13. g4 Bg6 14. Nh4 Nd7 15. Nxg6
Nxg6 16. Ne4 Qe7 17. Nxd6 Qxd6 18. f4 Nb6 19. Bb3 exf4 20. Qd4 f6 21. exf4 Rad8
22. Rad1 Kh8 23. Qc5 Rd7 24. Bd4 Rfd8 25. Qxd6 Rxd6 26. Bc5 Rxd5 27. Bxd5 Nxd5
28. f5 Ne5 29. Kf2 c6 30. Rfe1 Ra8 31. a4 b6 32. Bd4 Nc4 33. Rc1 b5 34. Bc5 Nb2
35. a5 Nd3+ 36. Kf3 Nxc1 37. Rxc1 1/2-1/2

[Event "Druzynowe Mistrzostw Polski Juniorow - II Liga"]
[Site "Wroclaw"]
[Date "1899-12-30"]
[Round "10.69"]
[White "Kolendo, Tymon"]
[Black "Bartnik, Michal"]
[Result "0-1"]
[WhiteTitle "III"]
[BlackTitle "II+"]
[WhiteElo "1126"]
[BlackElo "1591"]

1. d4 f5 2. c4 Nf6 3. Nc3 g6 4. Nf3 Bg7 5. g3 O-O 6. Bg2 d6 7. O-O Nc6 8. b3 e5
9. dxe5 dxe5 10. e3 e4 11. Qxd8 Rxd8 12. Ne1 Nd5 13. cxd5 Bxc3 14. Rb1 Rxd5 15.
Bb2 Bxb2 16. Rxb2 Ne5 17. f4 Ng4 18. Re2 b6 19. h3 Ba6 20. hxg4 Bxe2 21. Rf2 Bxg4
22. Bf1 Rd1 23. Nc2 Bh3 24. b4 Rxf1+ 25. Rxf1 Bxf1 26. Kxf1 Kf7 27. Ke2 c5 28.
bxc5 bxc5 29. Kd2 Ke6 0-1

[Event "Druzynowe Mistrzostw Polski Juniorow - II Liga"]
[Site "Wroclaw"]
[Date "1899-12-30"]
[Round "10.71"]
[White "Lazniewska, Zofia"]
[Black "Gladyszewska, Kinga"]
[Result "1-0"]
[WhiteTitle "I+"]
[BlackTitle "I"]
[WhiteElo "1561"]
[BlackElo "1225"]

1. e4 e5 2. Nf3 Nc6 3. Nc3 Nf6 4. Bb5 a6 5. Bxc6 dxc6 6. Nxe5 Bb4 7. O-O Bxc3 8.
bxc3 Nxe4 9. Re1 Qd5 10. Qf3 Nf6 11. Qxd5 cxd5 12. Ng6+ Be6 13. Nxh8 O-O-O 14.
Nxf7 Bxf7 15. d3 h6 16. Ba3 Ng8 17. Re3 Kd7 18. Rae1 Kc6 19. Re5 Rd7 20. h3 Rd8
21. Rf5 Rd7 22. h4 b6 23. Bf8 g6 24. Rfe5 Rd8 25. Ba3 Kb7 26. g4 Rd7 27. f3 b5
28. d4 Kc6 29. Bc5 Rd8 30. g5 hxg5 31. hxg5 a5 32. Kg2 Rb8 33. a3 Rd8 34. Rh1
Kd7 35. Rh7 Kc6 36. Rxf7 Kb7 37. Rg7 Kc6 38. Rxg6+ Kb7 39. f4 Rc8 40. f5 Rd8 41.
f6 b4 42. cxb4 a4 43. f7 c6 44. Rxg8 Ka6 45. Rxd8 Kb5 46. Rb8+ Kc4 47. f8=Q Kc3
48. Re3+ Kc4 49. Qf1# 1-0

[Event "Druzynowe Mistrzostw Polski Juniorow - II Liga"]
[Site "Wroclaw"]
[Date "1899-12-30"]
[Round "10.72"]
[White "Borowik, Monika"]
[Black "Michalska, Lena"]
[Result "1-0"]
[WhiteTitle "I"]
[BlackTitle "I"]
[WhiteElo "1380"]
[BlackElo "1324"]

1. d4 d5 2. c4 e6 3. Nc3 Nf6 4. Bg5 Be7 5. cxd5 Nxd5 6. Bxe7 Nxe7 7. e4 c6 8. Nf3
Nd7 9. Bd3 Nf6 10. O-O O-O 11. e5 Nfd5 12. Ne4 Nf4 13. Bc2 Nf5 14. Qd2 Ng6 15.
g3 Qd5 16. h4 Rd8 17. h5 Nf8 18. Qg5 Kh8 19. Bb3 h6 20. Qg4 Qd7 21. Nc5 Qe7 22.
Qf4 Nxd4 23. Nxd4 Qxc5 24. Nf3 Qe7 25. g4 Nh7 26. Bc2 f5 27. gxf5 exf5 28. Nh4
Qg5+ 29. Qxg5 Nxg5 30. f4 Nh3+ 31. Kh1 Rd2 32. Bb3 Nf2+ 33. Rxf2 Rxf2 34. Ng6+
Kh7 35. Nf8+ Kh8 36. Ng6+ Kh7 37. Rd1 b6 38. Rd8 Bb7 39. Bg8# 1-0

[Event "Druzynowe Mistrzostw Polski Juniorow - II Liga"]
[Site "Wroclaw"]
[Date "1899-12-30"]
[Round "10.73"]
[White "Kubica, Dominik"]
[Black "Bauer, Marika"]
[Result "1-0"]
[WhiteTitle "I"]
[BlackTitle "II"]
[WhiteElo "1595"]
[BlackElo "1142"]

1. e4 e5 2. Nf3 Nc6 3. Bc4 Bc5 4. c3 Nf6 5. d4 exd4 6. O-O d5 7. exd5 Nxd5 8. Qb3
Be6 9. Qxb7 Nde7 10. Bxe6 fxe6 11. Qb5 Qd5 12. b4 Bb6 13. Qxd5 Nxd5 14. b5 Na5
15. cxd4 Nb4 16. Na3 c6 17. Bd2 c5 18. dxc5 Bxc5 19. Rab1 Nd5 20. Bxa5 Bxa3 21.
Rfe1 Kf7 22. Ng5+ Kf6 23. Rxe6+ Kf5 24. Rbe1 Bb2 25. Bd2 Nc7 26. Rc6 Nd5 27. h3
Bf6 28. Nf3 Rhe8 29. Nh4+ Bxh4 1-0

[Event "Druzynowe Mistrzostw Polski Juniorow - II Liga"]
[Site "Wroclaw"]
[Date "1899-12-30"]
[Round "10.74"]
[White "Kraczek, Cezary"]
[Black "Sputowski, Jakub"]
[Result "1/2-1/2"]
[WhiteTitle "I"]
[BlackTitle "I"]
[WhiteElo "1657"]
[BlackElo "1677"]

1. e4 c5 2. Nf3 e6 3. d4 cxd4 4. Nxd4 Nf6 5. Bd3 Nc6 6. Nxc6 bxc6 7. O-O d5 8.
exd5 cxd5 9. Nc3 a6 10. Qf3 Bd6 11. Bg5 h6 12. Bh4 O-O 13. Rfe1 Rb8 14. Rab1 Bb7
15. h3 Re8 16. Qe2 g5 17. Bg3 Bxg3 18. fxg3 Qb6+ 19. Qf2 Qxf2+ 20. Kxf2 e5 21.
Bf5 d4 22. Ne4 Nxe4+ 23. Bxe4 Bxe4 24. Rxe4 f5 25. Re2 e4 26. Rd1 Kf7 27. Rxd4
Rxb2 28. Ra4 Re6 29. g4 f4 30. a3 Rc6 31. Raxe4 Rbxc2 32. a4 Rxe2+ 33. Kxe2 Re6
34. Kd3 Rb6 35. Ke2 Rb2+ 36. Kf3 Rb3+ 37. Kf2 Ra3 38. Rb4 a5 39. Re4 Kf6 40. Rc4
Ke5 1/2-1/2

[Event "Druzynowe Mistrzostw Polski Juniorow - II Liga"]
[Site "Wroclaw"]
[Date "1899-12-30"]
[Round "10.75"]
[White "Dylong, Antoni"]
[Black "Rosc, Ignacy"]
[Result "1/2-1/2"]
[WhiteTitle "I"]
[BlackTitle "II+"]
[WhiteElo "1576"]
[BlackElo "1527"]

1. d4 d5 2. c4 c6 3. cxd5 cxd5 4. Nc3 Nf6 5. Bf4 Nc6 6. e3 a6 7. Bd3 Bg4 8. Nge2
e6 9. O-O Be7 10. h3 Bh5 11. Rc1 O-O 12. Na4 Qa5 13. Qb3 Qb4 14. g4 Qxb3 15. axb3
Bg6 16. Nb6 Ra7 1/2-1/2

[Event "Druzynowe Mistrzostw Polski Juniorow - II Liga"]
[Site "Wroclaw"]
[Date "1899-12-30"]
[Round "10.76"]
[White "Bauer, Maja"]
[Black "Nguyen, Doan Quoc Anh"]
[Result "1-0"]
[WhiteTitle "I"]
[BlackTitle "II"]
[WhiteElo "1372"]
[BlackElo "1293"]

1. e4 c5 2. Nf3 d6 3. d4 cxd4 4. Nxd4 Nf6 5. Nc3 a6 6. a4 e5 7. Nb3 Be6 8. Be2
Be7 9. O-O O-O 10. Bf3 Nbd7 11. Be3 Qc7 12. a5 b5 13. axb6 Nxb6 14. Re1 Nc4 15.
Qc1 Rfc8 16. Na4 Rab8 17. Re2 Bd7 18. Ra2 Rb4 19. Nc3 Ng4 20. Nd5 Qd8 21. Nxb4
Ncxe3 22. fxe3 Qb6 23. Nd5 Qd8 24. Nxe7+ Qxe7 25. Bxg4 Bxg4 26. Rd2 Be6 27. Qd1
Qg5 28. Qe1 Qg6 29. Rxa6 Qxe4 30. Raxd6 Qa8 31. Qd1 Rf8 32. Rd8 Qa7 33. Rxf8+
Kxf8 34. Re2 g6 35. Qd6+ Kg8 36. Qxe5 Qa6 37. Rd2 Qa8 38. Qf6 1-0

[Event "Druzynowe Mistrzostw Polski Juniorow - II Liga"]
[Site "Wroclaw"]
[Date "1899-12-30"]
[Round "10.77"]
[White "Kulpa, Karolina"]
[Black "Fic, Joanna"]
[Result "1-0"]
[WhiteTitle "I"]
[BlackTitle "II+"]
[WhiteElo "1461"]
[BlackElo "1057"]

1. d4 Nf6 2. c4 c5 3. d5 b5 4. cxb5 a6 5. e3 d6 6. Nc3 g6 7. Nf3 Bg7 8. a4 O-O
9. e4 Nbd7 10. Be2 a5 11. O-O Qc7 12. h3 e6 13. dxe6 fxe6 14. Bf4 e5 15. Be3 Bb7
16. Ng5 Rfb8 17. Bc4+ Kh8 18. Nf7+ Kg8 19. Nxd6+ Kf8 20. Nxb7 Qxb7 21. Qd6+ Ke8
22. Qe6+ Kd8 23. Nd5 Nf8 24. Qd6+ Ke8 25. Nc7+ Qxc7 26. Qxc7 1-0

[Event "Druzynowe Mistrzostw Polski Juniorow - II Liga"]
[Site "Wroclaw"]
[Date "1899-12-30"]
[Round "10.78"]
[White "Kucia, Kinga"]
[Black "Cichon, Julia"]
[Result "1-0"]
[WhiteTitle "I"]
[BlackTitle "II+"]
[WhiteElo "1208"]
[BlackElo "1054"]

1. d4 Nf6 2. c4 e6 3. Nc3 Bb4 4. Nf3 O-O 5. Bf4 b6 6. e3 Bb7 7. Be2 d6 8. O-O Bxc3
9. bxc3 Nbd7 10. Rc1 Qe7 11. a4 Ne4 12. Qd3 f5 13. h3 e5 14. Bh2 Rad8 15. Qd1
h6 16. Qb3 Kh8 17. Rfd1 g5 18. Qb4 Qf6 19. Ne1 Qg7 20. f3 Nef6 21. a5 f4 22. e4
Bc8 23. axb6 axb6 24. Ra1 h5 25. Ra7 Nb8 26. Raa1 g4 27. hxg4 hxg4 28. Kf1 g3
29. Bg1 Nc6 30. Qb2 Bb7 31. c5 dxc5 32. dxc5 Nd7 33. cxb6 cxb6 34. Rd2 Ra8 35.
Rad1 Rf7 36. Bc4 Re7 37. Rd6 Rb8 38. Bb5 Rc8 39. Qd2 1-0

[Event "Druzynowe Mistrzostw Polski Juniorow - II Liga"]
[Site "Wroclaw"]
[Date "1899-12-30"]
[Round "10.79"]
[White "Doroba, Ludwik"]
[Black "Smuda, Tomasz"]
[Result "0-1"]
[WhiteTitle "II"]
[BlackTitle "I"]
[WhiteElo "1421"]
[BlackElo "1515"]

1. c4 c5 2. Nf3 Nc6 3. g3 g6 4. Bg2 Bg7 5. Nc3 d6 6. O-O Bf5 7. d3 Qd7 8. Re1 Bh3
9. Bh1 h5 10. Rb1 h4 11. Bd2 hxg3 12. hxg3 Nf6 13. a3 O-O 14. b4 Nh5 15. Nd5 e6
16. Nf4 Nxf4 17. Bxf4 e5 18. Bd2 Rae8 19. bxc5 dxc5 20. Qb3 Re7 21. Qb5 Qd6 22.
Ng5 Bc8 23. Ne4 Qc7 24. Nxc5 a6 25. Qb6 Qd6 26. Ne4 Qe6 27. Ng5 Qd6 28. Bb4 Qd7
29. Bxe7 Qxe7 30. Ne4 f5 31. Nc5 f4 32. Nxb7 Qg5 33. Bxc6 fxg3 34. Bd5+ Kh7 35.
fxg3 Qxg3+ 36. Bg2 Bh3 37. Qc6 Rf2 38. Rf1 Rxg2+ 0-1

[Event "Druzynowe Mistrzostw Polski Juniorow - II Liga"]
[Site "Wroclaw"]
[Date "1899-12-30"]
[Round "10.81"]
[White "Wolski, Ernest"]
[Black "Kubik, Bartosz"]
[Result "1/2-1/2"]
[WhiteTitle "II"]
[BlackTitle "II"]
[WhiteElo "1216"]
[BlackElo "1224"]

1. e4 e5 2. Nf3 Nc6 3. Bc4 Bc5 4. d3 Nf6 5. c3 O-O 6. O-O h6 7. h3 d6 8. Bb3 Re8
9. Re1 Be6 10. Bc2 a5 11. Nbd2 d5 12. exd5 Bxd5 13. Nf1 e4 14. dxe4 Bxe4 15. Be3
Qxd1 16. Bxd1 Bd6 17. Ng3 Bxg3 18. fxg3 Nd5 19. Bf2 Bf5 20. Bb3 Nf6 21. Ba4 Bd7
22. Bc2 Rxe1+ 23. Rxe1 Re8 24. Rxe8+ Nxe8 25. Kf1 Kf8 26. Ke2 Ke7 27. Bc5+ Nd6
28. Be3 Be6 29. b3 a4 30. Nd4 Nxd4+ 31. Bxd4 f6 32. Kd2 axb3 33. axb3 Bd5 34.
h4 Bxg2 35. c4 Ne4+ 36. Bxe4 Bxe4 37. Bc5+ Kf7 38. Bf2 g5 39. hxg5 hxg5 40. b4
c6 41. b5 Ke6 42. bxc6 Bxc6 43. Bb6 Kf5 44. Ke3 Kg4 45. Kf2 f5 46. Bc7 f4 47.
gxf4 gxf4 48. c5 f3 49. Bb6 1/2-1/2

[Event "Druzynowe Mistrzostw Polski Juniorow - II Liga"]
[Site "Wroclaw"]
[Date "1899-12-30"]
[Round "10.85"]
[White "Goral, Bartosz"]
[Black "Dahche, Abdel-azziz"]
[Result "0-1"]
[WhiteTitle "III"]
[BlackTitle "I"]
[WhiteElo "1065"]
[BlackElo "1569"]

1. d4 Nf6 2. Nf3 g6 3. h3 Bg7 4. Bf4 d6 5. e3 O-O 6. Bd3 Nbd7 7. Nbd2 Re8 8. Bc4
e5 9. dxe5 Nxe5 10. Nxe5 dxe5 11. Bh2 e4 12. O-O Be6 13. Bb3 c6 14. c3 Bxb3 15.
Nxb3 Nd5 16. Qe2 Be5 17. Rad1 Qc7 18. Bxe5 Rxe5 19. Qg4 f5 20. Qg3 Rf8 21. Nd4
f4 22. exf4 Nxf4 23. Rfe1 Qe7 24. Re3 Rg5 25. Rxe4 Qd8 26. Rxf4 Rxg3 27. Rxf8+
Qxf8 28. fxg3 Qd6 29. Kh2 c5 30. a3 a5 31. Rd2 cxd4 32. Rxd4 Qe6 33. b4 a4 34.
c4 Kf7 35. Rf4+ Ke7 36. c5 g5 37. Rf3 h5 38. g4 hxg4 39. hxg4 Qxg4 40. Rh3 Qf4+
41. Kh1 Ke6 42. Rh7 g4 43. Rh4 Kf5 44. Rh5+ Ke4 45. Rh7 g3 46. Re7+ Kd3 47. Re1
Qh4+ 0-1

[Event "Druzynowe Mistrzostw Polski Juniorow - II Liga"]
[Site "Wroclaw"]
[Date "1899-12-30"]
[Round "10.86"]
[White "Frac, Piotr"]
[Black "Nowak, Feliks"]
[Result "1-0"]
[WhiteTitle "II"]
[BlackTitle "II"]
[WhiteElo "1330"]
[BlackElo "1412"]

1. e4 c5 2. Nf3 d6 3. d4 cxd4 4. Nxd4 Nf6 5. Nc3 a6 6. Bc4 e6 7. Bb3 Be7 8. O-O
O-O 9. Re1 b5 10. a4 b4 11. Na2 Bb7 12. Nxb4 Nxe4 13. Nd3 d5 14. c3 Nd7 15. f3
Nec5 16. Bc2 Bf6 17. Nxc5 Nxc5 18. Bf4 Re8 19. Bg3 Qb6 20. Bf2 Qc7 21. Nb3 Nxb3
22. Bxb3 Be5 23. g3 Rad8 24. Qc2 Bf6 25. f4 Qc6 26. Bd4 Bxd4+ 27. cxd4 Qxc2 28.
Bxc2 Rc8 29. Bd3 g6 30. Rec1 Rxc1+ 31. Rxc1 Rc8 32. Rxc8+ Bxc8 33. b4 Kf8 34.
b5 a5 35. Kf2 f5 36. h3 Kf7 37. g4 Bb7 38. Kg3 h6 39. h4 Kf6 40. h5 gxh5 41. gxf5
exf5 42. Kh4 Bc8 43. Kxh5 Kg7 44. b6 Kf7 45. Bxf5 Bb7 46. Kxh6 Kf6 47. Bd7 Ke7
48. Bb5 Kf6 49. Bd3 Bc8 50. Kh5 Bb7 51. Bb5 1-0

[Event "Druzynowe Mistrzostw Polski Juniorow - II Liga"]
[Site "Wroclaw"]
[Date "1899-12-30"]
[Round "10.87"]
[White "Myszkowski, Jan"]
[Black "Uhryn, Lukasz"]
[Result "0-1"]
[WhiteTitle "II"]
[BlackTitle "II"]
[WhiteElo "1076"]
[BlackElo "1407"]

1. d4 d5 2. Bg5 h6 3. Bh4 Nd7 4. e3 Ngf6 5. f4 e6 6. Nf3 Be7 7. h3 Ne4 8. Bxe7
Qxe7 9. Nbd2 Ng3 10. Rg1 Nf6 11. c3 Nxf1 12. Nxf1 b6 13. Ne5 Bb7 14. g4 Ne4 15.
Qf3 g6 16. Ng3 Rg8 17. O-O-O O-O-O 18. Nxe4 dxe4 19. Qg2 f6 20. Nc4 Ba6 21. b3
Bxc4 22. bxc4 f5 23. Qb2 c5 24. Qa3 Kb7 25. Kc2 Qh4 26. Rd2 Qxh3 27. Rb1 Qxe3
28. Qxc5 Qxf4 29. Qe7+ Qc7 30. Qxe6 Rge8 31. Qxg6 Qxc4 32. Qxf5 Qxa2+ 33. Rb2
Qa4+ 34. Rb3 e3 35. Qf3+ Ka6 36. Qf1+ e2 37. Rxe2 Qa2+ 38. Rb2 Qc4 39. Qa1+ Kb7
40. Qh1+ Kb8 41. Qh2+ Kc8 42. Rxe8 Rxe8 43. Kd2 Qe6 44. Qh1 Qe2+ 45. Kc1 Qe1+
46. Qxe1 Rxe1+ 47. Kd2 Rg1 48. Ke3 Rxg4 49. Rh2 Rg3+ 50. Kd2 Rg6 51. Kc2 Kc7 52.
Kb3 a5 53. Kc4 Rc6+ 54. Kb5 Rxc3 55. Rxh6 Rb3+ 56. Kc4 a4 57. Rh7+ Kc6 58. Rh6+
Kb7 59. Rh7+ Ka6 60. Rh6 Rb1 61. Rg6 a3 62. Rg3 b5+ 63. Kc5 b4 64. Kc4 a2 65.
Rg6+ Kb7 66. Rg7+ Kc6 67. Rg6+ Kd7 68. Rg7+ Ke6 69. Rg6+ Kf7 70. Ra6 a1=Q 71.
Rxa1 Rxa1 72. Kxb4 Rc1 0-1

[Event "Druzynowe Mistrzostw Polski Juniorow - II Liga"]
[Site "Wroclaw"]
[Date "1899-12-30"]
[Round "10.88"]
[White "Krawczyk, Eryk"]
[Black "Ford, Nikodem"]
[Result "1-0"]
[WhiteTitle "II"]
[BlackTitle "III"]
[WhiteElo "1239"]
[BlackElo "1100"]

1. Nf3 d5 2. c4 c6 3. cxd5 cxd5 4. d4 e6 5. Nc3 Nf6 6. Bf4 Nc6 7. e3 a6 8. Bd3
Be7 9. O-O O-O 10. Ne5 Nxe5 11. dxe5 Nd7 12. Qg4 f5 13. Qe2 b5 14. a3 Bb7 15.
Bg3 Rc8 16. f4 Bh4 17. Qh5 Bxg3 18. hxg3 Qe8 19. Qh3 Qg6 20. Kf2 Nc5 21. Rad1
Nxd3+ 22. Rxd3 Rc7 23. Rh1 Rfc8 24. Qh4 Bc6 25. Rh3 a5 26. Ne2 Bb7 27. Nd4 Ba6
28. Rc3 Rxc3 29. bxc3 Kf7 30. Rh1 h6 31. Rb1 Qg4 32. Nxb5 Qxh4 33. gxh4 Bxb5 34.
Rxb5 Rxc3 35. Rxa5 Rc2+ 36. Kf3 Rc3 37. Ra7+ Kf8 38. Ra4 Kf7 39. g3 h5 40. Ke2
Rb3 41. Kd2 Kf8 42. Ra6 Kf7 43. a4 Ra3 44. a5 Ra4 45. Ra8 Ra3 46. a6 Ra4 47. a7
Ra3 48. Kc2 Ra6 49. Kb3 Rb6+ 50. Ka4 Ra6+ 51. Kb5 Ra1 52. Kc6 Rc1+ 53. Kd6 Ra1
54. Rc8 Rxa7 55. Rc7+ Rxc7 56. Kxc7 Ke8 57. Kd6 Kf7 58. Kd7 g6 59. Kd6 1-0

[Event "Druzynowe Mistrzostw Polski Juniorow - II Liga"]
[Site "Wroclaw"]
[Date "1899-12-30"]
[Round "10.89"]
[White "Biniak, Zuzanna"]
[Black "Klintsevich, Aliaksandra"]
[Result "0-1"]
[WhiteTitle "I"]
[BlackTitle "I"]
[WhiteElo "1433"]
[BlackElo "1428"]

1. c4 c6 2. g3 d5 3. cxd5 cxd5 4. Bg2 Nc6 5. Nf3 Nf6 6. O-O e5 7. d3 Be7 8. Nbd2
O-O 9. Nb3 h6 10. e3 Bf5 11. a3 Rc8 12. Nh4 Be6 13. f4 exf4 14. gxf4 Bg4 15. Bf3
Bxf3 16. Qxf3 d4 17. Nf5 dxe3 18. Qg3 Nh5 19. Qg4 g6 20. Nxh6+ Kh7 21. Nf5 Qxd3
22. Nxe7 Nxe7 23. Qd1 Qxd1 24. Rxd1 Nf5 25. Re1 Rfe8 26. Kg2 Rc2+ 27. Kf3 Rf2+
28. Kg4 Rxf4+ 29. Kh3 Rf2 30. Nc5 Nf4+ 31. Kg4 Nh6+ 32. Kg3 Nh5+ 33. Kh3 g5 34.
Rh1 Kg6 35. Nd3 g4+ 36. Kh4 Rg2 37. Nf4+ Nxf4 38. Rf1 Nf5# 0-1

[Event "Druzynowe Mistrzostw Polski Juniorow - II Liga"]
[Site "Wroclaw"]
[Date "1899-12-30"]
[Round "10.91"]
[White "Guzik, Michal"]
[Black "Makhynia, Kostiantyn"]
[Result "1/2-1/2"]
[WhiteTitle "II+"]
[BlackTitle "II"]
[WhiteElo "1413"]
[BlackElo "1717"]

1. d4 d5 2. Nf3 Bf5 3. e3 e6 4. Bd3 Bxd3 5. Qxd3 Nf6 6. Nbd2 Nbd7 7. b3 Be7 8.
Bb2 O-O 9. O-O c5 10. Ne5 Rc8 11. Rac1 Qb6 12. c4 Rfd8 13. f4 Qa6 14. a3 cxd4
15. exd4 dxc4 16. Ndxc4 Nb6 17. f5 Nxc4 18. Nxc4 Bf8 19. Qg3 b5 20. Ne3 Rxc1 21.
Rxc1 Bd6 22. Qf3 Bxa3 23. Ra1 b4 24. Nc4 exf5 25. Qxf5 Qe6 26. Qxe6 fxe6 27. Nxa3
bxa3 28. Rxa3 Rb8 29. h3 Ne4 30. Bc1 Nc3 31. Kf2 Rb7 32. Ke3 Kf7 33. Kd3 Nd5 34.
Bd2 Ke7 35. Kc4 Kd7 36. b4 Rc7+ 37. Kb3 Kc6 38. Ra6+ Nb6 39. Ra5 Rf7 40. Be1 Nd5
41. Ra6+ Nb6 42. Bg3 Rd7 1/2-1/2

[Event "Druzynowe Mistrzostw Polski Juniorow - II Liga"]
[Site "Wroclaw"]
[Date "1899-12-30"]
[Round "10.92"]
[White "Gajec, Roza"]
[Black "Mastej, Krzysztof"]
[Result "0-1"]
[WhiteTitle "I"]
[BlackTitle "II"]
[WhiteElo "1268"]
[BlackElo "1355"]

1. e4 c5 2. Nf3 e6 3. d4 cxd4 4. Nxd4 Nc6 5. Nc3 Qc7 6. Be3 a6 7. Be2 Nf6 8. a3
Be7 9. Qd2 O-O 10. O-O Rd8 11. f4 d5 12. e5 Nd7 13. Rf3 Nf8 14. Kh1 Bd7 15. Rd1
Rac8 16. Bd3 Na5 17. Qe2 Nc4 18. Bc1 g6 19. Rh3 Qb6 20. Nb3 a5 21. Bxc4 Rxc4 22.
Be3 Qa6 23. Nd2 Rc7 24. Nf3 Rdc8 25. Bf2 Bxa3 26. Bh4 Bxb2 27. Bf6 Rxc3 0-1